Pharmaceutical Chemistry (Record no. 13178)

MARC details
000 -LEADER
fixed length control field 00381nam a22001577a 4500
003 - CONTROL NUMBER IDENTIFIER
control field OSt
008 - FIXED-LENGTH DATA ELEMENTS--GENERAL INFORMATION
fixed length control field 250307b |||||||| |||| 00| 0 eng d
020 ## - INTERNATIONAL STANDARD BOOK NUMBER
International Standard Book Number 9789395039031
100 ## - MAIN ENTRY--PERSONAL NAME
Personal name Jain, Kishor.S
245 ## - TITLE STATEMENT
Title Pharmaceutical Chemistry
260 ## - PUBLICATION, DISTRIBUTION, ETC. (IMPRINT)
Place of publication, distribution, etc Hyderrabad
Name of publisher, distributor, etc Pharmamed
Date of publication, distribution, etc 2023
300 ## - PHYSICAL DESCRIPTION
Extent xix,570
650 ## - SUBJECT ADDED ENTRY--TOPICAL TERM
Topical term or geographic name as entry element Pharmaceutics
700 ## - ADDED ENTRY--PERSONAL NAME
Personal name Kadam, Deepali.K
942 ## - ADDED ENTRY ELEMENTS (KOHA)
Source of classification or shelving scheme Dewey Decimal Classification
Koha item type Text Books
Holdings
Withdrawn status Lost status Source of classification or shelving scheme Damaged status Not for loan Collection code Home library Current library Date acquired Source of acquisition Currency Cost, normal purchase price Bill Number Total Checkouts Full call number Acc. no. / Barcode Date last seen Date last borrowed Actual Cost, discounted price Bill Date Koha item type Checked out
    Dewey Decimal Classification     Diploma in Pharmacy PIET C-LIBRARY PIET C-LIBRARY 18/02/2025 Zafaa Books Distributres In Rupees 795.00 ZBDO499 2 615.19 JAP DP1403 06/04/2026 23/03/2026 596.25 17/02/2025 Text Books  
    Dewey Decimal Classification     Diploma in Pharmacy PIET C-LIBRARY PIET C-LIBRARY 18/02/2025 Zafaa Books Distributres In Rupees 795.00 ZBDO499 1 615.19 JAP DP1404 20/05/2026 02/05/2025 596.25 17/02/2025 Text Books  
    Dewey Decimal Classification     Diploma in Pharmacy PIET C-LIBRARY PIET C-LIBRARY 16/04/2026 Zafaa Books Distributres Indian Rup 795.00 ZBD-26-27-0007 1 615.19 JAP DP1517 25/05/2026 22/05/2026 556.50 07/04/2026 Text Books  
    Dewey Decimal Classification     Diploma in Pharmacy PIET C-LIBRARY PIET C-LIBRARY 16/04/2026 Zafaa Books Distributres Indian Rup 795.00 ZBD-26-27-0007 1 615.19 JAP DP1518 22/05/2026 22/05/2026 556.50 07/04/2026 Text Books 05/06/2026
    Dewey Decimal Classification     Diploma in Pharmacy PIET C-LIBRARY PIET C-LIBRARY 16/04/2026 Zafaa Books Distributres Indian Rup 795.00 ZBD-26-27-0007 1 615.19 JAP DP1519 25/05/2026 22/05/2026 556.50 07/04/2026 Text Books  

Design & Developed by: PIET Central Library
R70 Miles Stone Pattikalyana Samalkha Panipat 132102
mail ID :- [email protected], Phone No:- 0180-2569700 Ex.216